000 00612nam a2200253Ia 4500
003 OSt
005 20221005114425.0
006 a|||||r|||| 00| 0
007 ta
008 221004b |||||||| |||| 00| 0 gre d
020 _c4.50
024 _a46298
037 _cTextual
040 _aCRL
_cCRL
_bgre
041 _2gre
_agre
082 _aO13,3DAESx, 31K9
100 _aAesop Au.
_9625956
245 0 _aAsop's fables
260 _c1969
300 _a208p.
_ccm.
650 _aGREEK LITERATURE
942 _hO13,3DAESx, 31K9
_cTEXL
_2cc
999 _c1031305
_d1031305